000 00639nam a22002417a 4500
003 OSt
005 20180116183003.0
008 150529b xxu||||| |||| 00| 0 eng d
020 _a9789698535216
022 _a9789698535216
040 _c0
050 _a303.4833
082 _a303.4833
100 _aYamin,Tughral
245 _aCyberspace CBMs.
_bBetween Pakistan and India.
_cDr.Tughral Yamin
250 _a1st.
260 _aIslamabad.
_bNational University of Sciences and Technology.
_c2014
300 _a275p.
500 _aHard Cover
600 _aYamin,Tughral
700 _aYamin,Tughral
942 _2ddc
_cBK
_k303.4833
999 _c349921
_d349921